[Event "Cappelle Online Bullet op"]
[Site "Europe Echecs INT"]
[Date "2021.03.05"]
[Round "10"]
[White "Gandreuil, Brice"]
[Black "Ludwiczak, Virginie"]
[Result "1/2-1/2"]
[WhiteElo "1488"]
[BlackElo "1882"]
[PlyCount "120"]
[EventDate "2021.03.05"]
[EventType "swiss (blitz)"]
[EventRounds "15"]
[EventCountry "FRA"]
[SourceTitle "EXT 2022"]
[Source "ChessBase"]
[SourceDate "2021.10.06"]
[SourceVersion "1"]
[SourceVersionDate "2021.10.06"]
[SourceQuality "1"]

1. e4 c5 2. Nc3 Nc6 3. g3 g6 4. Bg2 Bg7 5. d3 d6 6. f4 Bd7 7. Nf3 h5 8. h3 a6 9. 0-0 Rb8 10. Ne2 b5 11. Rb1 Nf6 12. Nh2 Qc8 13. Nc3 Bxh3 14. Ne2 Bxg2 15. Kxg2 Ng4 16. Nxg4 hxg4 17. Ng1 Qd7 18. Bd2 Nd4 19. c3 Ne6 20. Qxg4 Kd8 21. Nf3 Kc7 22. f5 Nf8 23. d4 Rg8 24. Qh3 Bf6 25. fxg6 Qxh3+ 26. Kxh3 Nxg6 27. dxc5 dxc5 28. Be3 Kc6 29. Kg2 Ne5 30. Rbd1 Nxf3 31. Rxf3 Rbd8 32. Rff1 Rxd1 33. Rxd1 e6 34. Bf4 Rd8 35. Rxd8 Bxd8 36. Kf3 f6 37. e5 f5 38. Bg5 Bxg5 39. g4 fxg4+ 40. Kxg4 Bc1 41. b3 Bb2 42. c4 bxc4 43. bxc4 Kb6 44. Kg5 Bxe5 45. Kg4 Ka5 46. Kf3 Bd4 47. Ke4 e5 48. Kf3 Kb4 49. Kg4 Kxc4 50. Kh5 Kd3 51. Kg6 c4 52. Kh7 c3 53. Kg8 c2 54. Kf7 c1Q 55. Kf8 Qc6 56. Kg8 Qb5 57. Kf7 Qa4 58. Kf8 Qxa2 59. Kg7 Qe6 60. Kh7 e4 1/2-1/2

[Event "Europe Echecs Blitz Nov op"]
[Site "Europe Echecs INT"]
[Date "2020.11.08"]
[Round "1"]
[White "Guliyev, Namig"]
[Black "Ludwiczak, Virginie"]
[Result "1-0"]
[WhiteElo "2538"]
[BlackElo "1882"]
[PlyCount "81"]
[EventDate "2020.11.08"]
[EventType "swiss (blitz)"]
[EventRounds "11"]
[EventCountry "FRA"]
[SourceTitle "CBM 199 Extra"]
[Source "ChessBase"]
[SourceDate "2021.01.31"]
[SourceVersion "1"]
[SourceVersionDate "2021.01.31"]
[SourceQuality "1"]

1. e4 e6 2. d4 d5 3. Nc3 Bb4 4. e5 c5 5. a3 cxd4 6. axb4 dxc3 7. Nf3 Qc7 8. Bd3 Nc6 9. 0-0 cxb2 10. Bxb2 Nxb4 11. Ba3 Nxd3 12. cxd3 Ne7 13. Bd6 Qd7 14. Qd2 0-0 15. Rfc1 Nf5 16. Bxf8 Kxf8 17. Qb4+ Qe7 18. Qa5 b6 19. Qxb6 axb6 20. Rxa8 g6 21. Raxc8+ Kg7 22. R8c7 Qa3 23. Ng5 Nh6 24. Nxe6+ Kh8 25. Rc8+ Ng8 26. Ng5 Kg7 27. d4 Qe7 28. h4 h6 29. R8c7 hxg5 30. Rxe7 Nxe7 31. hxg5 Nf5 32. Rd1 Kf8 33. g4 Ng7 34. Kg2 Ne6 35. Kg3 Nxg5 36. f4 Ne4+ 37. Kf3 Ke7 38. Ke3 b5 39. Rb1 Nc3 40. Rb3 Nd1+ 41. Ke2 1-0

[Event "FRA-ch Blitz Online Qual"]
[Site "Europe Echecs INT"]
[Date "2020.05.16"]
[Round "5"]
[White "Ogier, Arnaud"]
[Black "Ludwiczak, Virginie"]
[Result "0-1"]
[WhiteElo "1569"]
[BlackElo "1875"]
[PlyCount "54"]
[EventDate "2020.05.16"]
[EventType "swiss (blitz)"]
[EventRounds "15"]
[EventCountry "FRA"]
[SourceTitle "CBM 196 Extra"]
[Source "ChessBase"]
[SourceDate "2020.07.31"]
[SourceVersion "1"]
[SourceVersionDate "2020.07.31"]
[SourceQuality "1"]

1. e4 e6 2. d4 d5 3. e5 c5 4. c3 Nc6 5. Nf3 Bd7 6. dxc5 Bxc5 7. b4 Bb6 8. Bd3 h6 9. 0-0 a6 10. Be3 Nge7 11. Bxb6 Qxb6 12. Re1 Rc8 13. a4 0-0 14. a5 Qd8 15. Nd4 Nxd4 16. cxd4 Nc6 17. b5 axb5 18. Bxb5 Nxe5 19. Bxd7 Nxd7 20. Nd2 Nf6 21. Nf3 Ne4 22. Ne5 Qc7 23. Qb3 Qc2 24. Qxb7 Qxf2+ 25. Kh1 Rc2 26. Rg1 Qxd4 27. Nd7 Nf2# 0-1

[Event "Europe Echecs online op April"]
[Site "Europe Echecs INT"]
[Date "2020.04.11"]
[Round "11"]
[White "Degraeve, Remy"]
[Black "Ludwiczak, Virginie"]
[Result "1-0"]
[WhiteElo "2335"]
[BlackElo "1838"]
[PlyCount "139"]
[EventDate "2020.04.11"]
[EventType "swiss (blitz)"]
[EventRounds "11"]
[EventCountry "FRA"]
[SourceTitle "EXT 2021"]
[Source "ChessBase"]
[SourceDate "2020.10.23"]
[SourceVersion "1"]
[SourceVersionDate "2020.10.23"]
[SourceQuality "1"]

1. d4 Nf6 2. c4 e6 3. Nf3 d5 4. Nc3 c6 5. e3 Nbd7 6. Qc2 b6 7. Bd3 Bb7 8. 0-0 Rc8 9. e4 dxe4 10. Nxe4 c5 11. dxc5 Nxc5 12. Nxf6+ gxf6 13. Be2 f5 14. Qc3 Rg8 15. Bf4 Bg7 16. Qe3 Bxb2 17. Rad1 Qf6 18. Bg5 Qg6 19. g3 Bf6 20. Bf4 h5 21. Ne5 Qg7 22. Bxh5 Bxe5 23. Bxe5 Qg5 24. Qxg5 Rxg5 25. Be2 Ne4 26. f3 Nc5 27. Rd2 Bc6 28. Rfd1 Rg6 29. h4 f6 30. h5 Rh6 31. Bd4 e5 32. Bxc5 bxc5 33. Rd6 Ke7 34. f4 exf4 35. gxf4 Rg8+ 36. Kf1 Rh7 37. Rxc6 Rhg7 38. Rc7+ Ke8 39. Rxg7 Rxg7 40. Rd6 Ke7 41. Ra6 Rg3 42. Rxa7+ Ke6 43. h6 Rh3 44. h7 Rh4 45. Kg2 Rh6 46. Bf3 Kd6 47. Bd5 Rg6+ 48. Kf3 Rh6 49. a4 Rh3+ 50. Kg2 Rh4 51. a5 Rh6 52. a6 Rxh7 53. Ra8 Ra7 54. Rf8 Ke7 55. Rf7+ Kd6 56. Rxf6+ Ke7 57. Re6+ Kd7 58. Kg3 Rc7 59. Rf6 Ra7 60. Rxf5 Rxa6 61. Rf7+ Ke8 62. f5 Ra3+ 63. Kf4 Rd3 64. Rb7 Rd4+ 65. Ke5 Rd1 66. f6 Re1+ 67. Be4 Re2 68. f7+ Kf8 69. Kf6 Rf2+ 70. Bf5 1-0

[Event "Europe Echecs online op April"]
[Site "Europe Echecs INT"]
[Date "2020.04.11"]
[Round "5"]
[White "Lucas, Yann"]
[Black "Ludwiczak, Virginie"]
[Result "0-1"]
[WhiteElo "1500"]
[BlackElo "1838"]
[PlyCount "64"]
[EventDate "2020.04.11"]
[EventType "swiss (blitz)"]
[EventRounds "11"]
[EventCountry "FRA"]
[SourceTitle "EXT 2021"]
[Source "ChessBase"]
[SourceDate "2020.10.23"]
[SourceVersion "1"]
[SourceVersionDate "2020.10.23"]
[SourceQuality "1"]

1. a3 Nf6 2. e3 e6 3. h3 d5 4. d3 b6 5. g3 Bb7 6. Bg2 Nbd7 7. Ne2 Bd6 8. b3 0-0 9. Bb2 c5 10. Nd2 Rc8 11. g4 e5 12. Ng3 g6 13. Ke2 Qc7 14. Qg1 e4 15. Rc1 Bxg3 16. fxg3 Qxg3 17. Nf1 Qd6 18. d4 c4 19. Nd2 c3 20. g5 cxb2 21. Rb1 Nh5 22. h4 Rxc2 23. Rh3 Rfc8 24. Qe1 Ba6+ 25. Kf2 Rc1 26. Qe2 Bxe2 27. Rxb2 Bd3 28. b4 f5 29. Nb3 f4 30. Nxc1 Rxc1 31. Bxe4 fxe3+ 32. Kxe3 dxe4 0-1

[Event "Europe Echecs online op April"]
[Site "Europe Echecs INT"]
[Date "2020.04.11"]
[Round "2"]
[White "Ludwiczak, Virginie"]
[Black "Rakotomaharo, Fy Antenaina"]
[Result "0-1"]
[WhiteElo "1838"]
[BlackElo "2422"]
[PlyCount "66"]
[EventDate "2020.04.11"]
[EventType "swiss (blitz)"]
[EventRounds "11"]
[EventCountry "FRA"]
[SourceTitle "EXT 2021"]
[Source "ChessBase"]
[SourceDate "2020.10.23"]
[SourceVersion "1"]
[SourceVersionDate "2020.10.23"]
[SourceQuality "1"]

1. c4 e5 2. Nc3 Nf6 3. g3 d5 4. cxd5 Nxd5 5. Bg2 Nb6 6. d3 Nc6 7. Nf3 Be7 8. Be3 0-0 9. 0-0 Re8 10. Rc1 Bf8 11. a3 Bg4 12. b4 a5 13. b5 Nd4 14. Bxd4 exd4 15. Ne4 Bxa3 16. Rb1 Qd7 17. Qb3 Bf8 18. Rb2 a4 19. Qd1 a3 20. Ra2 Bxf3 21. Bxf3 Qxb5 22. Qc2 Nd5 23. Rb1 Qa5 24. Qb3 Nb4 25. Rd2 a2 26. Ra1 Qa3 27. Qxa3 Rxa3 28. Kg2 h6 29. h4 f5 30. Rb2 fxe4 31. Bxe4 Rxe4 32. dxe4 c5 33. Kf1 c4 0-1

[Event "Europe Echecs online op April"]
[Site "Europe Echecs INT"]
[Date "2020.04.11"]
[Round "3"]
[White "Poulain, Joseph"]
[Black "Ludwiczak, Virginie"]
[Result "1-0"]
[WhiteElo "1500"]
[BlackElo "1838"]
[PlyCount "77"]
[EventDate "2020.04.11"]
[EventType "swiss (blitz)"]
[EventRounds "11"]
[EventCountry "FRA"]
[SourceTitle "EXT 2021"]
[Source "ChessBase"]
[SourceDate "2020.10.23"]
[SourceVersion "1"]
[SourceVersionDate "2020.10.23"]
[SourceQuality "1"]

1. e4 e6 2. d4 d5 3. Nd2 c6 4. c3 Nd7 5. Ngf3 Qc7 6. Bd3 b6 7. Nb3 Bb7 8. 0-0 a5 9. a4 Be7 10. Re1 h6 11. g3 c5 12. exd5 exd5 13. Bf4 Qc8 14. Bb5 Bc6 15. Qe2 Ra7 16. Bd6 Ndf6 17. dxc5 bxc5 18. Bxc5 Rb7 19. Nxa5 Bxb5 20. axb5 Rd7 21. Nc6 Ne4 22. Bxe7 Nxe7 23. Nfd4 Nxc6 24. Nxc6 0-0 25. f3 Nf6 26. Ne7+ Rxe7 27. Qxe7 Re8 28. Qb4 Qd7 29. b6 Rb8 30. Ra7 Qc6 31. b7 Nd7 32. Re7 d4 33. Ra8 Rxa8 34. bxa8Q+ Qxa8 35. Rxd7 Qxf3 36. Rd8+ Kh7 37. Qxd4 h5 38. Qd3+ Qxd3 39. Rxd3 1-0